00448nam a2200157Ia 4500008004100000020001500041041001200056082001100068100001500079245009600094250000800190260004900198300000800247650001400255700002100269221030s9999 xx 000 0 und d a8122433234 aEnglish a105.23 aM. K. Jain 0aNumerical Methods For Scientific & Engineering Computationcby M. K. Jain, S. R. K. Iyengar a6th bNew Age International Pub.aNew Delhic2012 a722 aComputers aS. R. K. Iyengar